Brazilian cities: unusual and interesting facts - Statistics

General Stats
  • This quiz has been taken 88 times
  • The average score is 10 of 15
Answer Stats
Hint Answer % Correct
With a name meaning "saviour", this hub of Bahia state is home to over 3 million people and was Brazil's original capital. Salvador
93%
The police in this city, whose name is Portuguese for Bethlehem, sometimes ride around on buffaloes. Belem
92%
Taking design elements from Le Corbusier, this central city was begun in the 1950s and has a distinctive modern cathedral. Brasilia
88%
Hospitals in this Amazonian city ran out of oxygen during the 2020 pandemic. Manaus
81%
In 2024, a woman wheeled her dead uncle into a bank here under the pretext of getting him to co-sign for a loan. This city has hosted the Olympics and the World Cup final. Rio de Janeiro
81%
Pelé played for the football team of this port near São Paulo, which has Latin America's largest seaport. Santos
81%
Germany beat Brazil 7-1 here in a World Cup semi-final, with the Germans going 5-0 up in the first half hour. It is the capital of Minas Gerais. Belo Horizonte
75%
In 2021, a cheeky macaw managed to turn off the water supply valve in a bus station in this state capital of Mato Grosso do Sul. Campo Grande
65%
A man threw a passion fruit at coronavirus protesters in this state capital in Paraná, hitting a 73-year-old lady on the head. Curitiba
64%
Before the World Cup, Brazil fans broke into a training centre in this megacity and attacked their own players. Sao Paulo
64%
A giant sculpture proposed to be built in this Pernambuco state capital was so rude-looking that people stormed the city hall to protest against it. Recife
61%
A plane flight from this Pará city to Belem crashed after the pilots and air traffic controllers were distracted by listening to a football match on the radio. Marabá
57%
Edmundo, a footballer from this Rio suburb, is famous for boozing with a chimpanzee and killing several people while drink-driving. Niteroi
56%
There were piranhas swimming in the flooded streets of this southern city in spring 2024. Porto Alegre
49%
In a protest against COVID-19 measures, a newspaper office in this town fell victim to an arson attack - by a fireman. Olímpia
38%
No matching quizzes found
Score Distribution
Percent of People with Each Score
Percentile by Number Answered
Your Score History
You have not taken this quiz